Famous First Lines of Novels #3 (Animals) - Statistics

General Stats
  • This quiz has been taken 70 times
  • The average score is 6 of 10
Answer Stats
First Line Novel % Correct
Here is Edward Bear, coming down the stairs now, bump bump bump, on the back of his head, behind Christopher Robin Winnie the Pooh
85%
One sunny Sunday, the caterpillar was hatched out of a tiny egg. He was very hungry. The Very Hungry Caterpillar
80%
Mr. Jones, of the Manor Farm, had locked the hen-houses for the night, but was too drunk to remember to shut the pop-holes. Animal Farm
74%
The Mole had been working very hard all the morning, spring-cleaning his little home. The Wind In The Willows
69%
The night Max wore his wolf suit and made mischief of one kind and another his mother called him 'WILD THING!' and Max said 'I'LL EAT YOU UP!' so he was sent to bed without eating anything. Where the Wild Things Are
66%
There was once a velveteen rabbit, and in the beginning he was really splendid The Velveteen Rabbit
62%
Once upon a time there were four little Rabbits, and their names were-Flopsy, Mopsy, Cotton-tail, and Peter. The Tale of Peter Rabbit
49%
A mouse took a stroll through the deep dark wood. The Gruffalo
39%
It was seven o'clock of a very warm evening in the Seeonee hills when Father Wolf woke up from his day's rest, scratched himself, yawned, and spread out his paws one after the other to get rid of the sleepy feeling in their tips. The Jungle Book
18%
The first place that I can well remember was a large pleasant meadow with a pond of clear water in it. Black Beauty
15%
No matching quizzes found
Score Distribution
Percent of People with Each Score
Percentile by Number Answered
Your Score History
You have not taken this quiz